| Tag |
First Indicator |
Second Indicator |
Subfields |
| LEADER |
00000cam a2200000 4500 |
| 001 |
in00003882021 |
| 005 |
20190415193224.0 |
| 006 |
m o d |
| 007 |
cr |n||||||||n |
| 008 |
860923s1789 xxu|||| o 00| | eng c |
| 035 |
|
|
|a (CU-RivES)W5148
|
| 035 |
|
|
|a (Uk-ES)006446749
|
| 035 |
|
|
|a (OCoLC)510908514
|
| 040 |
|
|
|a MWA
|c MWA
|d CU-RivES
|d CStRLIN
|d Cengage Gale
|d UtOrBLW
|
| 050 |
|
4 |
|a Z1215
|b .R874 1789
|
| 100 |
1 |
|
|a Rush, Benjamin,
|d 1745-1813.
|
| 245 |
1 |
0 |
|a Observations on the duties of a physician, and the methods of improving medicine :
|b Accommodated to the present state of society and manners in the United States. Delivered in the University of Pennsylvania, February 7, 1789, at the conclusion of a course of lectures upon chemistry and the practice of physic. By Benjamin Rush, M.D. Professor of chemistry in the University of Pennsylvania. Published at the request of the class.
|
| 264 |
|
3 |
|a Philadelphia :
|b Printed and sold by Prichard and Hall, in Market Street near Front Street,
|c M.DCC.LXXXIX. [1789]
|
| 300 |
|
|
|a 1 online resource (11, 1 unnumbered pages)
|
| 336 |
|
|
|a text
|b txt
|2 rdacontent
|
| 337 |
|
|
|a computer
|b c
|2 rdamedia
|
| 338 |
|
|
|a online resource
|b cr
|2 rdacarrier
|
| 510 |
4 |
|
|a Bristol,
|c B7053
|
| 510 |
4 |
|
|a Shipton and Mooney,
|c 45581
|
| 510 |
4 |
|
|a Austin, R.B. Early Amer. medical imprints,
|c 1674
|
| 510 |
4 |
|
|a English Short Title Catalog,
|c W5148.
|
| 500 |
|
|
|a Reproduction of original from Boston Public Library.
|
| 500 |
|
|
|a Electronic resource.
|
| 650 |
|
0 |
|a Physicians.
|0 http://id.loc.gov/authorities/subjects/sh85101610
|
| 650 |
|
0 |
|a Medicine.
|0 http://id.loc.gov/authorities/subjects/sh85083064
|
| 655 |
|
7 |
|a Electronic books.
|2 local
|
| 700 |
1 |
|
|a Pritchard, William,
|e printer.
|
| 700 |
1 |
|
|a Hall, Parry,
|d 1755?-1793,
|e printer.
|0 http://id.loc.gov/authorities/names/n88144099
|
| 710 |
2 |
|
|a Gale (Firm)
|0 http://id.loc.gov/authorities/names/no2008071348
|
| 752 |
|
|
|a United States
|b Pennsylvania
|d Philadelphia.
|
| 856 |
4 |
0 |
|u http://proxy.library.tamu.edu/login?url=http://find.galegroup.com/ecco/infomark.do?contentSet=ECCOArticles&docType=ECCOArticles&bookId=1389400800&type=getFullCitation&tabID=T001&prodId=ECCO&docLevel=TEXT_GRAPHICS&version=1.0&source=library&userGroupName=txshracd2898
|z Connect to the full text of this electronic book
|t 0
|
| 999 |
f |
f |
|s 0782ecac-627a-331f-8484-7709856591cc
|i 082a3321-b603-3729-9c00-88c1e3afb083
|t 0
|
| 952 |
f |
f |
|a Texas A&M University
|b College Station
|c Electronic Resources
|d Available Online
|t 0
|e Z1215 .R874 1789
|h Library of Congress classification
|
| 998 |
f |
f |
|a Z1215 .R874 1789
|t 0
|l Available Online
|